Security Policy Enforcement in online Social Networks (Record no. 12245)
[ view plain ]
| 000 -LEADER | |
|---|---|
| fixed length control field | 00490nam a2200145 4500 |
| 082 ## - DEWEY DECIMAL CLASSIFICATION NUMBER | |
| Classification number | MS-CCS-4 NAD |
| 100 ## - MAIN ENTRY--PERSONAL NAME | |
| Personal name | Nadia Razzaq |
| 9 (RLIN) | 104406 |
| 245 ## - TITLE STATEMENT | |
| Title | Security Policy Enforcement in online Social Networks |
| 260 ## - PUBLICATION, DISTRIBUTION, ETC. | |
| Place of publication, distribution, etc. | Islamabad |
| Name of publisher, distributor, etc. | Nust School of Elecrical Engineering and Computer Science |
| Date of publication, distribution, etc. | 2013 |
| 300 ## - PHYSICAL DESCRIPTION | |
| Extent | 75 P |
| Accompanying material | CD-ROM |
| 500 ## - GENERAL NOTE | |
| General note | Supervisor; Dr.Zahid Anwar |
| 700 ## - ADDED ENTRY--PERSONAL NAME | |
| Personal name | Nadia Razzaq |
| 9 (RLIN) | 104406 |
| 856 ## - ELECTRONIC LOCATION AND ACCESS | |
| Uniform Resource Identifier | <a href="http://10.250.8.41:8080/xmlui/handle/123456789/31775">http://10.250.8.41:8080/xmlui/handle/123456789/31775</a> |
| 942 ## - ADDED ENTRY ELEMENTS (KOHA) | |
| Koha item type | Project Report |
| Source of classification or shelving scheme | |
| Withdrawn status | Lost status | Damaged status | Not for loan | Collection code | Permanent Location | Current Location | Shelving location | Date acquired | Total Checkouts | Full call number | Barcode | Date last seen | Price effective from | Koha item type | Source of classification or shelving scheme |
|---|---|---|---|---|---|---|---|---|---|---|---|---|---|---|---|
| Central Library (CL) | Central Library (CL) | General Stacks | 12/17/2013 | MS-CCS-4 NAD | SEECSP01318 | 12/17/2013 | 12/17/2013 | Project Report | |||||||
| Central Library (CL) | Central Library (CL) | Thesis | 11/12/2019 | 004MS-CCS-4 NAD | CL-T-4056 | 11/12/2019 | 11/12/2019 | Thesis |
